[Event "Championnat de France des Jeunes - Pupil"]
[Site "TROYES"]
[Date "2010.04.13"]
[Round "4.8"]
[White "Biancarelli, Pablo"]
[Black "Kern, Nicolas"]
[Result "1-0"]
[WhiteElo "1666"]
[BlackElo "1759"]
[PlyCount "133"]
[EventDate "2010.??.??"]

1. d4 d5 2. c4 e6 3. Nc3 c6 4. e4 dxe4 5. Nxe4 Nf6 6. Nxf6+ Qxf6 7. Nf3 Nd7 8.
Bg5 Bb4+ 9. Bd2 Qe7 10. a3 Bd6 11. Bc3 O-O 12. Bd3 c5 13. O-O cxd4 14. Bxd4 e5
15. Re1 f5 16. Bc3 e4 17. Bc2 Nf6 18. h3 Rd8 19. Qe2 Nh5 20. b4 b6 21. Nd4 Nf4
22. Qf1 Qg5 23. g3 Bb7 24. Nxf5 Bc8 25. Bxe4 Bxf5 26. Bxf5 Qxf5 27. gxf4 Qxf4
28. Qg2 g6 29. Re4 Qf7 30. Qg4 Rf8 31. Qe6 Rac8 32. Qxf7+ Rxf7 33. Rd1 Bf8 34.
Kg2 Rfc7 35. Rdd4 Bg7 36. Rd3 Rxc4 37. Rxc4 Rxc4 38. Rd8+ Bf8 39. Be5 Re4 40.
Bd6 Rd4 41. Rxf8+ Kg7 42. Be5+ Kxf8 43. Bxd4 Ke7 44. Kf3 Ke6 45. Ke4 Kd6 46. b5
h6 47. f4 h5 48. h4 Ke6 49. Be5 Kd7 50. Bb8 Kc8 51. Bxa7 Kb7 52. Bxb6 Kxb6 53.
a4 Ka5 54. Ke5 g5 55. fxg5 Kb6 56. g6 Ka5 57. g7 Kb6 58. g8=Q Ka5 59. Qc4 Kb6
60. Kd6 Ka5 61. Kd5 Kb6 62. Qb4 Kb7 63. a5 Ka8 64. a6 Ka7 65. Qd6 Ka8 66. Qc6+
Kb8 67. Qb7# 1-0

[Event "Championnat de France des Jeunes - Pupil"]
[Site "TROYES"]
[Date "2010.04.13"]
[Round "4.9"]
[White "Venou, Randjit"]
[Black "Guerlach, Keigo"]
[Result "1/2-1/2"]
[WhiteElo "1950"]
[BlackElo "1640"]
[PlyCount "80"]
[EventDate "2010.??.??"]

1. e4 e5 2. Nf3 Nf6 3. Nxe5 d6 4. Nf3 Nxe4 5. Nc3 Nxc3 6. dxc3 Be7 7. Be3 Be6
8. Qd2 Qd7 9. O-O-O Nc6 10. h4 a6 11. b3 O-O-O 12. Ng5 h6 13. Nxe6 fxe6 14. g3
Bf6 15. Bg2 Rhe8 16. Rde1 Ne5 17. Qd4 Nc6 18. Qd2 Ne5 19. c4 Kb8 20. Bd4 Re7
21. f4 Ng4 22. Bxf6 Nxf6 23. Bh3 Rde8 24. Re3 Qc6 25. Rhe1 e5 26. fxe5 Rxe5 27.
Rxe5 Rxe5 28. Rxe5 dxe5 29. Bg2 Qd6 30. Qxd6 cxd6 31. Kd2 Kc7 32. Ke3 b6 33.
Bf3 Kd7 34. b4 Ke6 35. a4 g6 36. a5 bxa5 37. bxa5 Nd7 38. Be4 g5 39. hxg5 hxg5
40. g4 Nc5 1/2-1/2

[Event "Championnat de France des Jeunes - Pupil"]
[Site "TROYES"]
[Date "2010.04.13"]
[Round "4.10"]
[White "Boudia, Samy"]
[Black "Rodriguez, Adrien"]
[Result "1/2-1/2"]
[WhiteElo "1633"]
[BlackElo "1797"]
[PlyCount "93"]
[EventDate "2010.??.??"]

1. d4 Nf6 2. c4 c5 3. e3 e6 4. Nc3 d5 5. Nf3 Nc6 6. Bd3 a6 7. a3 Be7 8. O-O O-O
9. b3 Qc7 10. Qe2 Rd8 11. Rd1 Qb6 12. cxd5 exd5 13. Bc2 Bg4 14. Na4 Qa7 15. Bb2
cxd4 16. Bxd4 Nxd4 17. Rxd4 b5 18. Nc3 Rac8 19. Qd3 Bxf3 20. gxf3 Qc5 21. Rc1
Qxc3 22. Qxc3 Rxc3 23. Bxh7+ Nxh7 24. Rxc3 Bf6 25. Rc6 Bxd4 26. exd4 Ng5 27.
Kg2 Ne6 28. Rxa6 Nxd4 29. Rb6 Ra8 30. Rd6 Rxa3 31. Rxd5 Nxb3 32. Rxb5 Nd4 33.
Rb8+ Kh7 34. Rb7 Kg6 35. Rb6+ f6 36. Rb4 Nxf3 37. Rg4+ Kf5 38. Rxg7 Nh4+ 39.
Kf1 Rh3 40. Ra7 Rxh2 41. Ra5+ Kg6 42. Rd5 f5 43. Rd3 f4 44. Kg1 Rg2+ 45. Kf1 f3
46. Rxf3 Nxf3 47. Kxg2 1/2-1/2

[Event "Championnat de France des Jeunes - Pupil"]
[Site "CHAMPIONNAT DE FRANCE PUPILLET"]
[Date "2010.04.13"]
[Round "4.1"]
[White "Imperor, Lorene"]
[Black "Joudelat, Noemie"]
[Result "0-1"]
[WhiteElo "1633"]
[BlackElo "1763"]
[PlyCount "66"]

1. d4 Nf6 2. c4 g6 3. Nc3 d5 4. h4 dxc4 5. e4 Nc6 6. d5 Ne5 7. Bf4 Qd6 8. Bxe5
Qxe5 9. Nf3 Qf4 10. g3 Qg4 11. Ne5 Qxd1+ 12. Rxd1 a6 13. Bxc4 Bg7 14. Nf3 Bg4
15. Be2 Bxf3 16. Bxf3 O-O-O 17. O-O h5 18. Rfe1 Nd7 19. Be2 f6 20. Bd3 g5 21.
Re3 Bh6 22. Re2 gxh4 23. gxh4 Rhg8+ 24. Kh1 Ne5 25. Bc2 Nf3 26. e5 Rg7 27. exf6
exf6 28. Bf5+ Kb8 29. Ne4 Rxd5 30. Nd2 Rxf5 31. Nxf3 Rxf3 32. Kh2 Bf4+ 33. Kh1
Rh3# 0-1

[Event "Championnat de France des Jeunes - Pupil"]
[Site "CHAMPIONNAT DE FRANCE PUPILLET"]
[Date "2010.04.13"]
[Round "4.2"]
[White "Banat, Rizlene"]
[Black "Auvray, Honorine"]
[Result "1-0"]
[WhiteElo "1608"]
[BlackElo "1713"]
[PlyCount "125"]
[EventDate "2010.??.??"]

1. Nf3 c5 2. c4 Nf6 3. g3 d5 4. cxd5 Nxd5 5. Nc3 Nc6 6. Bg2 Nc7 7. O-O e5 8. d3
Be7 9. Nd2 Nd4 10. e3 Nde6 11. Nc4 f6 12. Qa4+ Bd7 13. Qb3 b5 14. Na5 Rb8 15.
Nc6 Bxc6 16. Bxc6+ Kf8 17. Nd5 Qd6 18. Nxc7 Nxc7 19. Bg2 Rd8 20. Be4 Qd7 21.
Bf3 Qxd3 22. Qxd3 Rxd3 23. Rd1 Rxd1+ 24. Bxd1 Kf7 25. Bd2 Ne6 26. Be2 b4 27.
Rc1 Rd8 28. Be1 a5 29. Rd1 Rxd1 30. Bxd1 f5 31. a3 Bf6 32. axb4 cxb4 33. b3 e4
34. f3 Nc5 35. fxe4 Nxe4 36. Bf3 Bg5 37. Bf2 Ke6 38. Bd1 Kd5 39. Kf1 g6 40. Bc2
Bf6 41. Be1 Kc5 42. Ke2 Be5 43. Bd2 Nf6 44. Bc1 h5 45. Kf3 Nd7 46. e4 fxe4+ 47.
Bxe4 h4 48. Bxg6 hxg3 49. hxg3 Ba1 50. Ke4 Kb5 51. Be8 Kc6 52. Be3 Kd6 53. Bxd7
Kxd7 54. Bb6 Kc6 55. Bxa5 Kb5 56. Bd8 Kc5 57. g4 Bg7 58. g5 Kd6 59. Bf6 Bf8 60.
g6 Ke6 61. g7 Bxg7 62. Bxg7 Kf7 63. Bd4 1-0

[Event "Championnat de France des Jeunes - Pupil"]
[Site "CHAMPIONNAT DE FRANCE PUPILLET"]
[Date "2010.04.13"]
[Round "4.3"]
[White "Fraval, Julie"]
[Black "Terrazzoni, Claire"]
[Result "0-1"]
[WhiteElo "1640"]
[BlackElo "1530"]
[PlyCount "74"]
[EventDate "2010.??.??"]

1. e4 c5 2. Nf3 d6 3. d4 cxd4 4. Nxd4 Nf6 5. Nc3 g6 6. Be3 Bg7 7. f3 O-O 8. Qd2
Nc6 9. Bc4 Bd7 10. O-O-O Qa5 11. Nb3 Qc7 12. Bh6 Ne5 13. Be2 Rfc8 14. Bxg7 Kxg7
15. g4 Nc4 16. Bxc4 Qxc4 17. h4 h5 18. gxh5 Nxh5 19. Qg5 b5 20. Rd4 Qc7 21.
Qxe7 Nf4 22. Re1 Rab8 23. Qxd6 Qxd6 24. Rxd6 Be6 25. Kb1 b4 26. Nd5 Nxd5 27.
exd5 Bf5 28. Nd4 Bh3 29. Re7 Rc4 30. Nc6 Rb6 31. Re4 Rc5 32. Rd8 Bf5 33. Re2 b3
34. axb3 Rxb3 35. Ka2 Rxf3 36. Nd4 Ra5+ 37. Kb1 Rf1+ 0-1

[Event "Championnat de France des Jeunes - Pupil"]
[Site "CHAMPIONNAT DE FRANCE PUPILLET"]
[Date "2010.04.13"]
[Round "4.4"]
[White "Chung, Mathilde"]
[Black "Baldi, Valentine"]
[Result "1/2-1/2"]
[WhiteElo "1527"]
[BlackElo "1635"]
[PlyCount "127"]
[EventDate "2010.??.??"]

1. d4 d5 2. Nf3 Nf6 3. c4 dxc4 4. e3 e6 5. Bxc4 c5 6. Nc3 Be7 7. O-O O-O 8. b3
Nc6 9. Bb2 cxd4 10. Nxd4 Nxd4 11. Qxd4 Qxd4 12. exd4 Rd8 13. Rfd1 a6 14. Be2 b5
15. Bf3 Rb8 16. Rac1 Bb7 17. Bxb7 Rxb7 18. Ne2 Nd5 19. Ng3 Rbd7 20. Rc6 Rd6 21.
Rxd6 Bxd6 22. Ne4 Nb4 23. a3 Nd5 24. Rc1 Bf4 25. Rc6 a5 26. g3 Bc7 27. Nc3 Rd6
28. Rxd6 Bxd6 29. Nxb5 Be7 30. Na7 Bd6 31. Nc6 Bc7 32. Kf1 Kf8 33. Ke2 Ke8 34.
Kd3 Kd7 35. Ne5+ Bxe5 36. dxe5 Kc6 37. Kc4 Nb6+ 38. Kd4 Nd5 39. Bc1 Kb5 40. Bd2
g6 41. a4+ Kb6 42. Kc4 Nc7 43. b4 axb4 44. Bxb4 Na6 45. a5+ Kc6 46. Bc3 h5 47.
h4 Nc7 48. Bb4 Na6 49. Bd6 f6 50. exf6 Kxd6 51. f7 Ke7 52. Kb5 Nc7+ 53. Kc6 Na6
54. Kb6 Nb8 55. Kb7 Nd7 56. Kc8 Nc5 57. Kb8 Kxf7 58. Kc7 Kf6 59. Kc6 Na6 60.
Kb6 Nb8 61. Kb7 Nd7 62. Kc7 Nc5 63. Kb6 Nd7+ 64. Kc7 1/2-1/2

[Event "Championnat de France des Jeunes - Pupil"]
[Site "CHAMPIONNAT DE FRANCE PUPILLET"]
[Date "2010.04.13"]
[Round "4.5"]
[White "Duval, Claire"]
[Black "Gtari, Aliya"]
[Result "1-0"]
[WhiteElo "1750"]
[BlackElo "1560"]
[PlyCount "71"]
[EventDate "2010.??.??"]

1. d4 d5 2. c4 dxc4 3. a4 Nf6 4. Nc3 e6 5. Nf3 Nc6 6. e3 Bb4 7. Bxc4 Ne4 8. Qc2
Nxc3 9. bxc3 Be7 10. O-O O-O 11. Rd1 Qe8 12. Bd3 h6 13. e4 Bd7 14. e5 Na5 15.
Be3 b6 16. c4 Bc6 17. Be2 Rd8 18. Nd2 Kh8 19. Qa2 Qd7 20. Nf3 Bb4 21. Bd2 Bxd2
22. Rxd2 Bxf3 23. Bxf3 Nc6 24. Rad1 Nb4 25. Qb3 a5 26. Bg4 Nc6 27. f4 Qe7 28.
Qf3 Nb4 29. Kh1 c6 30. Qh3 f5 31. exf6 Rxf6 32. g3 Qf7 33. Re1 Qb7 34. Rxe6
Rxe6 35. Bxe6 c5+ 36. d5 1-0

[Event "Championnat de France des Jeunes - Pupil"]
[Site "CHAMPIONNAT DE FRANCE PUPILLET"]
[Date "2010.04.13"]
[Round "4.6"]
[White "Dory, Manon"]
[Black "Thomas, Apolline"]
[Result "1-0"]
[WhiteElo "1604"]
[BlackElo "1600"]
[PlyCount "131"]
[EventDate "2010.??.??"]

1. e4 e5 2. Nf3 Nc6 3. d4 exd4 4. Bc4 Bb4+ 5. Bd2 Bxd2+ 6. Qxd2 Nf6 7. e5 Ng4
8. Bxf7+ Kxf7 9. Qf4+ Nf6 10. exf6 Re8+ 11. Kd1 Qxf6 12. Ng5+ Kg6 13. Qxf6+
Kxf6 14. h4 h6 15. Nf3 d6 16. a3 Bg4 17. Nbd2 Ne5 18. Rg1 Nxf3 19. Nxf3 c5 20.
Kd2 Bxf3 21. gxf3 Re5 22. Kd3 b5 23. Rg3 Rae8 24. Rag1 R8e7 25. Rg6+ Kf5 26.
Rxg7 R5e6 27. Rg8 Rb7 28. R1g4 Rf6 29. Re8 Rg6 30. Rf8+ Rf6 31. Rf4+ Kxf4 32.
Rxf6+ Ke5 33. Rxh6 Rf7 34. Ke2 d5 35. Rh8 Kf6 36. h5 Kg5 37. Rd8 Rf5 38. Rc8 c4
39. Rb8 a6 40. Rb6 Rf6 41. Rxf6 Kxf6 42. f4 Kf5 43. Kf3 a5 44. b3 c3 45. Ke2
Kf6 46. Kd3 Kg7 47. Kxd4 Kh6 48. Kxc3 Kxh5 49. Kd4 Kg4 50. Ke5 b4 51. axb4 axb4
52. f5 d4 53. f6 d3 54. cxd3 Kf3 55. f7 Kxf2 56. f8=Q+ Ke3 57. Qxb4 Kf3 58.
Qf4+ Ke2 59. Qg3 Kd2 60. d4 Ke2 61. d5 Kd2 62. Kd4 Kc2 63. b4 Kd2 64. Qg2+ Kc1
65. Kc3 Kd1 66. Qd2# 1-0

[Event "Championnat de France des Jeunes - Pupil"]
[Site "CHAMPIONNAT DE FRANCE PUPILLET"]
[Date "2010.04.13"]
[Round "4.7"]
[White "Sauve, Anne-Charlotte"]
[Black "Gregot, Eva"]
[Result "0-1"]
[WhiteElo "1690"]
[BlackElo "1440"]
[PlyCount "84"]
[EventDate "2010.??.??"]

1. e4 d5 2. exd5 Qxd5 3. Nc3 Qa5 4. Bc4 c6 5. d3 Bf5 6. Bd2 e6 7. Nf3 Nd7 8.
Nd5 Qd8 9. Ne3 Ngf6 10. Nxf5 exf5 11. O-O Qc7 12. Re1+ Be7 13. Qe2 Nb6 14. Bf4
Qd7 15. Ne5 Qd8 16. Nxf7 Qd7 17. Be6 Qd4 18. Bxf5 O-O 19. Qxe7 Qxf4 20. Qe6
Rae8 21. Qb3 Nbd5 22. Rxe8 Rxe8 23. c4 Qxf5 24. Nd6 Qf4 25. Nxe8 Ng4 26. Qd1
Nde3 27. fxe3 Qxe3+ 28. Kh1 Nf2+ 29. Kg1 Nxd1+ 30. Kh1 Nf2+ 31. Kg1 Nxd3+ 32.
Kh1 Qxe8 33. h3 Qe2 34. b3 Nf4 35. Rg1 Nd3 36. a3 Qe3 37. b4 Qg3 38. Rb1 Nf2+
39. Kg1 Nxh3+ 40. Kh1 Qe3 41. gxh3 Qe4+ 42. Kh2 Qxb1 0-1

[Event "Championnat de France des Jeunes - Pupil"]
[Site "CHAMPIONNAT DE FRANCE PUPILLET"]
[Date "2010.04.13"]
[Round "4.8"]
[White "Aubry, Milene"]
[Black "Malassagne, Isabelle"]
[Result "0-1"]
[WhiteElo "1430"]
[BlackElo "1680"]
[PlyCount "88"]
[EventDate "2010.??.??"]

1. d4 Nf6 2. Nf3 g6 3. c3 Bg7 4. Bg5 O-O 5. Nbd2 d6 6. g3 Nbd7 7. Bg2 c5 8. O-O
Rb8 9. Re1 b5 10. e4 cxd4 11. cxd4 e5 12. d5 Nc5 13. Rc1 Nd3 14. Re3 Nxc1 15.
Qxc1 Bd7 16. Nb1 Rc8 17. Qd2 Qb6 18. Re2 Rc4 19. Nc3 b4 20. Na4 Bxa4 21. b3
Bxb3 22. axb3 Rxe4 23. Be3 Rxe3 24. Rxe3 Bh6 25. Qd3 Bxe3 26. fxe3 Ng4 27. Qe2
Qxe3+ 28. Qxe3 Nxe3 29. Nd2 Nxg2 30. Kxg2 Rc8 31. Ne4 f5 32. Nxd6 Rd8 33. Nb5
Rxd5 34. Nxa7 Rc5 35. Kf3 Kf7 36. g4 Kf6 37. h4 h5 38. gxf5 Kxf5 39. Kg3 Ke4
40. Kg2 Kf4 41. Kh3 e4 42. Kg2 e3 43. Kf1 Kf3 44. Ke1 e2 0-1

[Event "Championnat de France des Jeunes - Pupil"]
[Site "CHAMPIONNAT DE FRANCE PUPILLET"]
[Date "2010.04.13"]
[Round "4.9"]
[White "Broly, Marine"]
[Black "Rondeau, Maurene"]
[Result "1-0"]
[WhiteElo "1590"]
[BlackElo "1430"]
[PlyCount "71"]
[EventDate "2010.??.??"]

1. e4 e5 2. Nf3 Nf6 3. Bc4 Bc5 4. d3 O-O 5. Nc3 Nc6 6. Bg5 d6 7. Nd5 Kh8 8. Qd2
Bg4 9. Bxf6 gxf6 10. Qh6 Rg8 11. Nxf6 Rg7 12. Ng5 Qf8 13. Nxg4 Ne7 14. Qf6 Ng8
15. Nxf7+ Qxf7 16. Qxf7 Rxf7 17. Bxf7 Rf8 18. Bxg8 Kxg8 19. Nh6+ Kg7 20. Nf5+
Kh8 21. Ke2 Rg8 22. g3 Rf8 23. Rhf1 h5 24. f4 Kh7 25. fxe5 dxe5 26. Nh4 Rd8 27.
Rf5 Kh6 28. Rxe5 Bd4 29. Nf5+ Kg6 30. Nxd4 Rxd4 31. Re7 Rd6 32. Rxc7 Rb6 33. b3
Kf6 34. Rf1+ Ke5 35. Rf5+ Ke6 36. Rh7 1-0

[Event "Championnat de France des Jeunes - Pupil"]
[Site "CHAMPIONNAT DE FRANCE PUPILLET"]
[Date "2010.04.13"]
[Round "4.10"]
[White "Craquelin, Mathie"]
[Black "Dedisse, Mariane"]
[Result "1-0"]
[WhiteElo "1410"]
[BlackElo "1550"]
[PlyCount "101"]
[EventDate "2010.??.??"]

1. e4 e5 2. Nf3 Nc6 3. d4 exd4 4. Nxd4 Nxd4 5. Qxd4 b6 6. Nc3 Bb7 7. a3 Ne7 8.
Bc4 Nc6 9. Qd1 Qf6 10. O-O Bc5 11. Nd5 Qd8 12. b4 Bd4 13. Bf4 Be5 14. b5 Bxa1
15. bxc6 dxc6 16. Nxc7+ Ke7 17. Nxa8 Qxd1 18. Rxd1 Rxa8 19. Rxa1 b5 20. Bb3 Rd8
21. c3 c5 22. Rd1 Rxd1+ 23. Bxd1 Bxe4 24. Be3 Kd6 25. Be2 a6 26. f3 Bf5 27. g4
Be6 28. f4 f5 29. g5 g6 30. h4 Bf7 31. Kf1 c4 32. Ke1 Kd5 33. Bf3+ Kd6 34. Kd2
Bd5 35. Bxd5 Kxd5 36. Ke2 Ke4 37. Kf2 Kd3 38. Bd4 Ke4 39. Kg3 Kd3 40. Kf3 Kc2
41. Ke3 Kb3 42. Bc5 Kxc3 43. Bb4+ Kb3 44. Kd4 a5 45. Bxa5 Kxa3 46. Kc3 Ka4 47.
Bb4 h6 48. gxh6 g5 49. h7 gxh4 50. h8=Q h3 51. Qa8# 1-0